God bless the USA - Lee Greenwood - Statistics

General Stats
  • This quiz has been taken 33 times
    26 since last reset
  • The average score is 189 of 254
Answer Stats
Answer % Correct
A
95%
the
95%
an
91%
and
91%
be
91%
for
91%
I
91%
L
91%
that
91%
to
91%
where
91%
who
91%
american
86%
free
86%
me
86%
proud
86%
stand
86%
at
82%
bless
82%
God
82%
her
82%
i'm
82%
I'm
82%
know
82%
least
82%
men
82%
USA
82%
died
77%
gave
77%
right
77%
today
77%
up
77%
we
77%
forget
73%
next
73%
still
73%
won''t
73%
won't
73%
you
73%
from
68%
gladly
68%
if
68%
land
68%
life
68%
Minnesota
68%
no
68%
were
68%
all
64%
love
64%
my
64%
New
64%
sea
64%
Tennessee
64%
this
64%
York
64%
ain't
59%
defend
59%
doubt
59%
gone
59%
hills
59%
I'll
59%
lakes
59%
of
59%
start
59%
Texas
59%
there
59%
things
59%
tomorrow
59%
wife
59%
worked
59%
away
55%
children
55%
freedom
55%
had
55%
shining
55%
again
50%
can't
50%
cause
50%
here
50%
Houston
50%
they
50%
with
50%
flag
45%
in
45%
just
45%
lucky
45%
say
45%
stands
45%
stars
45%
take
45%
thank
45%
across
41%
Detroit
41%
down
41%
heart
41%
living
41%
plains
41%
every
36%
pride
36%
I'd
32%
there's
32%
it's
27%
time
27%
No matching quizzes found
Score Distribution
Percent of People with Each Score
Percentile by Number Answered
Your Score History
You have not taken this quiz since the last reset